Servicios y globalización /

Spremljeno u:
Bibliografski detalji
Glavni autor: Camacho Ballesta, José Antonio
Daljnji autori: Rodríguez Molina, Mercedes
Format: Tekst
Teme:
Oznake: Dodaj oznaku
Bez oznaka, Budi prvi tko označuje ovaj zapis!

MARC

LEADER 00000 a a2200000 04500
001 3539
003
040
100 |a Camacho Ballesta, José Antonio  
245 |a Servicios y globalización /  |c José Antonio Camacho Ballesta ; Mercedes Rodríguez Molina 
650 |a GLOBALIZACION  
650 |a SECTOR TERCIARIO  
650 |a COMERCIO INTERNACIONAL  
650 |a INVERSIONES INTERNACIONALES  
650 |a INDICES DE PRODUCCION  
650 |a EXPORTACIONES  
700 |a Rodríguez Molina, Mercedes  
773 |g volumen 53, número 1; páginas 13-22  
999 |c 31476  |d 31476